000 00359nam a2200181Ia 4500
100 _aWillard/Wendy
650 _aHTML
250 _a4
942 _cBK
366 _f25
654 _aHTML
245 _aHTML:Begineers Guide
260 _bTata McGraw Hil
_c2009
082 _a4.65
_bWIL
300 _a514
546 _aENGLISH
_cPAMPHALETS
999 _c24899
_d24899